000 01067cam a22002654a 4500
005 20160908111940.0
008 050201s2004 gw ab b 000 0 eng c
020 _a3882462647
040 _aAGL
_cAGL
_dDLC
_dCO-BoIAVH
041 0 _aeng
044 _agx
082 0 0 _a306.349
_bL92a
100 1 _aLópez Sandoval, María Fernanda.
245 1 0 _aAgricultural and settlement frontiers in the tropical Andes :
_bthe páramo belt of northern Ecuador, 1960-1990 /
_cMaría Fernanda López Sandoval.
260 _a[Regensburg] :
_bInstitut für Geographie an der Universität Regensburg,
_c2004.
300 _a180 páginas :
_bilustraciones y mapas ;
_c30 x 21 cm.
500 _aCatorce mapas a color insertados en el bolsillo.
500 _aPresentada como la tesis del autor.
504 _aIncluye referencias bibliográficas : páginas 145-157.
650 2 6 _aBiogeografía
_zEcuador
650 2 6 _aSistemas agrícolas
_zEcuador
650 2 6 _aAsentamiento humano
_zEcuador
650 2 6 _aPáramos
_zEcuador
942 _2ddc
_cLIBRO
999 _c19005
_d19005